Design of equilibrium stage processes (Record no. 13251)

000 -LEADER
fixed length control field 00589nam a22002171 4500
001 - CONTROL NUMBER
control field 13251
003 - CONTROL NUMBER IDENTIFIER
control field BD-DhUET
008 - FIXED-LENGTH DATA ELEMENTS--GENERAL INFORMATION
fixed length control field 740517s1963 nyua b 000 0 eng
020 ## - INTERNATIONAL STANDARD BOOK NUMBER
International Standard Book Number 070586373
040 ## - CATALOGING SOURCE
Original cataloging agency DLC
Transcribing agency OAkU
Modifying agency BD-DhUET
082 ## - DEWEY DECIMAL CLASSIFICATION NUMBER
Classification number 660.28422
Item number SMI/1963
100 1# - MAIN ENTRY--PERSONAL NAME
Personal name Smith, Buford D.
245 10 - TITLE STATEMENT
Title Design of equilibrium stage processes
250 ## - EDITION STATEMENT
Edition statement 1st ed.
260 ## - PUBLICATION, DISTRIBUTION, ETC. (IMPRINT)
Place of publication, distribution, etc. New York
Name of publisher, distributor, etc. McGraw-Hill
Date of publication, distribution, etc. 1963
300 ## - PHYSICAL DESCRIPTION
Extent 647 p.
Other physical details ill.
Dimensions 24 cm.
490 ## - SERIES STATEMENT
Series statement McGraw-Hill chemical engineering series
504 ## - BIBLIOGRAPHY, ETC. NOTE
Bibliography, etc Includes bibliographies
650 #0 - SUBJECT ADDED ENTRY--TOPICAL TERM
Topical term or geographic name as entry element Chemical equilibrium
942 ## - ADDED ENTRY ELEMENTS (KOHA)
Koha item type General Book
Holdings
Date acquired Koha date last seen Source of classification or shelving scheme Price effective from Damaged status Shelving location Copy number Not for loan Location (home branch) Sublocation or collection (holding branch) Lost status Koha item type Withdrawn status Koha normalized classification for sorting Koha full call number Piece designation (barcode)
2015-03-022015-03-02 2015-03-02 Circulation section1 Central Library, BUETCentral Library, BUET General Book 660_284220000000000_SMI_1963660.28422/SMI/196334954
2015-03-032015-03-03 2015-03-03 Circulation section2 Central Library, BUETCentral Library, BUET General Book 660_284220000000000_SMI_1963660.28422/SMI/196329845
2015-03-032015-03-03 2015-03-03 Circulation section3 Central Library, BUETCentral Library, BUET General Book 660_284220000000000_SMI_1963660.28422/SMI/196329841
2015-03-032015-03-03 2015-03-03 Circulation section4 Central Library, BUETCentral Library, BUET General Book 660_284220000000000_SMI_1963660.28422/SMI/196329847
2015-03-032015-03-03 2015-03-03 Circulation section5 Central Library, BUETCentral Library, BUET General Book 660_284220000000000_SMI_1963660.28422/SMI/196329853
2015-03-032015-03-03 2015-03-03 Circulation section6 Central Library, BUETCentral Library, BUET General Book 660_284220000000000_SMI_1963660.28422/SMI/196329843
2015-03-032015-03-03 2015-03-03 Circulation section7 Central Library, BUETCentral Library, BUET General Book 660_284220000000000_SMI_1963660.28422/SMI/196329844
2015-03-032015-03-03 2015-03-03 Circulation section8 Central Library, BUETCentral Library, BUET General Book 660_284220000000000_SMI_1963660.28422/SMI/196329840
2015-03-032015-03-03 2015-03-03 Circulation section9 Central Library, BUETCentral Library, BUET General Book 660_284220000000000_SMI_1963660.28422/SMI/196334955
2015-05-112015-05-11 2015-05-11 Circulation section10 Central Library, BUETCentral Library, BUET General Book 660_284220000000000_SMI_1963660.28422/SMI/196311477
2015-05-112015-05-11 2015-05-11 Circulation section11 Central Library, BUETCentral Library, BUET General Book 660_284220000000000_SMI_1963660.28422/SMI/196329846
2015-05-112015-05-11 2015-05-11 Circulation section12 Central Library, BUETCentral Library, BUET General Book 660_284220000000000_SMI_1963660.28422/SMI/196334953
2015-05-112015-05-11 2015-05-11 Circulation section13 Central Library, BUETCentral Library, BUET General Book 660_284220000000000_SMI_1963660.28422/SMI/196318836
2015-05-112015-05-11 2015-05-11 Circulation section14 Central Library, BUETCentral Library, BUET General Book 660_284220000000000_SMI_1963660.28422/SMI/196329854
2015-05-112015-05-11 2015-05-11 Circulation section15 Central Library, BUETCentral Library, BUET General Book 660_284220000000000_SMI_1963660.28422/SMI/196329856
2015-05-192015-05-19 2015-05-19 Circulation section16 Central Library, BUETCentral Library, BUET General Book 660_284220000000000_SMI_1963660.28422/SMI/196329848
2015-06-182015-06-18 2015-06-18 Reading section17 Central Library, BUETCentral Library, BUET Reading Item 660_284220000000000_SMI_1963660.28422/SMI/19636449